00453nam a22001577a 450000500170000001000150001702000260003203500130005803700130007108200110008410000180009524500800011326000350019327000440022830000230027220150622161620.0 aENG-113096 a9788187891482c250.00 aEN-96628 bDBAD/PUB a181.41 aKapoor, Madhu aThe horizon of existence :c by Madhu Kapoorba flight of the Indian mind / bReaders Servicec2011aKolkata bKolkatae700075a59/5A, Garfa Main Road avi,123p.c22cm(Hb)